000 00540nam a2200181Ia 4500
999 _c13466
_d13466
003 OSt
005 20201116101627.0
008 190216s9999||||xx |||||||||||||| ||und||
020 _a0333306449
040 _coclc
082 _a425
_bLEE/E
100 _aLeech, Geoffrey
_96447
245 0 _aEnglish Grammar for Today /
_c Geoffrey Leech ; Margaret Deuchar ; Robert Hoogenraad
260 _bMacmillan,
_c1982.
_aLondon:
300 _a224p
650 _aEnglish Grammar
942 _cBK
_2ddc
_h425
_iLEE/E
_k425
_mLEE/E